[Event "Gachantiva op 9th"]
[Site "Gachantiva"]
[Date "2019.06.24"]
[Round "6"]
[White "Rojas Villamil, Pedro Antonio"]
[Black "Vargas, Diana Paola"]
[Result "1/2-1/2"]
[WhiteElo "1779"]
[BlackElo "1693"]
[PlyCount "97"]
[EventDate "2019.06.21"]
[EventType "swiss"]
[EventRounds "7"]
[EventCountry "COL"]
[SourceTitle "CBM 191 Extra"]
[Source "ChessBase"]
[SourceDate "2019.09.30"]
[SourceVersion "1"]
[SourceVersionDate "2019.09.30"]
[SourceQuality "1"]

1. d4 Nf6 2. Bf4 g6 3. e3 Bg7 4. Nf3 d6 5. Be2 0-0 6. 0-0 Nbd7 7. h3 c5 8. c3 b6 9. Nbd2 Bb7 10. Qb3 a6 11. Rad1 b5 12. dxc5 Nxc5 13. Qc2 Rc8 14. Rfe1 Nd5 15. Bg3 b4 16. c4 Nb6 17. Nb3 Ne4 18. Bf4 Nd7 19. Nfd2 Nec5 20. Bf3 Qc7 21. Bxb7 Qxb7 22. Nxc5 Nxc5 23. b3 Ne6 24. Bg3 d5 25. Qd3 Rfd8 26. Qe2 d4 27. exd4 Nxd4 28. Qxe7 Qxe7 29. Rxe7 Ne6 30. f3 Bc3 31. Be1 Rc6 32. Kf1 Rcd6 33. Rxe6 Rxe6 34. Kf2 f5 35. Kf1 Red6 36. Ke2 Kf7 37. Ke3 Bd4+ 38. Kd3 Bf2+ 39. Ke2 Bxe1 40. Kxe1 Ke6 41. Ke2 Ke5 42. c5 Re6 43. Kf2 Rc8 44. Nc4+ Kf6 45. Rd7 Rxc5 46. Rxh7 Re7 47. Rh8 Rc6 48. Rb8 Rce6 49. Rxb4 1/2-1/2